000 00389pab a2200157 454500
008 180718b2008 xxu||||| |||| 00| 0 eng d
100 _aMehrotra, Santosh
245 _aPublic health system in UP: what can be done?
260 _c2008
300 _ap.46-53.
362 _a6 Dec
650 _aHealth services
773 _aEconomic and Political Weekly
908 _aN
909 _a80323
999 _c80323
_d80323